| 000 | 00000nam 2200000za 4500 |
| 001 | 9.844503 |
| 003 | CaOODSP |
| 005 | 20250715101029 |
| 007 | cr ||||||||||| |
| 008 | 180226s1997 onc|||| o f000 0 fre d |
| 020 | |a978-0-660-18902-4 |
| 040 | |aCaOODSP|bfre |
| 043 | |an-cn--- |
| 086 | 1 |aBT43-166/1997F-PDF |
| 110 | 1 |aCanada. |bConseil du trésor. |
| 245 | 10|aPolitique sur le congé auto-financé |h[ressource électronique]. |
| 260 | |aOttawa : |bSecrétariat du Conseil du Trésor du Canada, |cc1997. |
| 300 | |a[7] p. (pages non numérotées) |
| 500 | |aPublié aussi en anglais sous le titre : Self-funded leave policy. |
| 500 | |a« Publié : le 07 févr. 1997. » |
| 500 | |aÉgalement disponible en format HTML. |
| 504 | |aComprend des références bibliographiques. |
| 520 | 0 |a« Fournit des détails sur les critères pour les congés autofinancés dans la fonction publique fédérale, y compris un modèle générique à utiliser, ainsi que des procédures, des lignes directrices et une liste des institutions financières approuvées »--Fourni par l'éditeur. |
| 692 | 07|2gccst|aPolitique gouvernementale |
| 692 | 07|2gccst|aCongé |
| 775 | 08|tSelf-funded leave policy |w(CaOODSP)9.844502 |
| 794 | |tPolitique sur le congé auto-financé (mis à jour).|w(CaOODSP)9.953215 |
| 856 | 40|qPDF|s137 Ko|uhttps://publications.gc.ca/collections/collection_2018/sct-tbs/BT43-166-1997-fra.pdf |
| 856 | 4 |qHTML|sS.O.|uhttps://www.tbs-sct.gc.ca/pol/doc-fra.aspx?id=12588 |